| 000 | 00968cam a22002894a 4500 | ||
|---|---|---|---|
| 001 | 13033670 | ||
| 003 | OSt | ||
| 005 | 20140310182103.0 | ||
| 008 | 021218s2003 paua c 000 0 eng | ||
| 010 | _a 2002155987 | ||
| 020 | _a9780791073025 | ||
| 040 |
_aDLC _cDLC |
||
| 042 |
_apcc _alcac |
||
| 050 | 0 | 0 |
_aRA 644.A6 _b.D43 2003 |
| 082 | 0 | 0 |
_aHS 616.9 _b.D36 2003 |
| 100 | 1 |
_aDecker, Janet M. _912897 |
|
| 245 | 1 | 0 |
_aAnthrax / _cJanet Decker ; consulting editor, I. Edward Alcamo ; foreword by David Heymann. |
| 260 |
_aPhiladelphia : _bChelsea House Publishers, _cc2003. |
||
| 300 |
_a122 p. : _bill. ; _c24 cm. |
||
| 440 | 0 |
_aDeadly diseases and epidemics _912898 |
|
| 541 | _j1 | ||
| 562 | _e1 | ||
| 650 | 0 |
_aAnthrax _vJuvenile literature. _912899 |
|
| 906 |
_a7 _bcbc _corignew _d1 _eecip _f20 _gy-gencatlg |
||
| 942 |
_2lcc _cHS |
||
| 999 |
_c9234 _d9234 |
||